| 000 | 02199naa a2200313Ia 4500 | ||
|---|---|---|---|
| 003 | OSt | ||
| 005 | 20260413114423.0 | ||
| 008 | 260413s2013 xx 000 0 und d | ||
| 040 |
_aFoundation University _beng _cFoundation University _erda |
||
| 050 |
_aCoA (AnSci-Th) LG 221 D35 A37 _bA5 A38 2014 D34 |
||
| 099 | _a1036 | ||
| 100 |
_aDagoy, Gelbon M. _91996 _eauthor |
||
| 245 | 1 | 0 |
_aOrganic farming extension program in Apolong Valencia, Neg. Or. / _cby Gelbon M. Dagoy |
| 264 |
_aDumaguete City _bFoundation Uiniversity, _c2014. _42014. |
||
| 300 |
_a[unpage] : _3volume _bill. (col.) ; _c28 cm. _fresource |
||
| 336 |
_2rdacontent _atext _btxt |
||
| 337 |
_2rdamedia _aunmediated _bn |
||
| 338 |
_3rdacarrier _avolume _bnc |
||
| 500 | _aExtension program report conducted in Barangay Apolong, Valencia, Negros Oriental focusing on organic farming practices. | ||
| 502 | _aUndergraduate Field practice (Bachelor of Science in Agriculture Major in Animal Science) -- Foundation University, 2014. | ||
| 504 | _aIncludes bibliographical references appendices | ||
| 520 | _aThis report presents the implementation and outcomes of an organic farming extension program conducted in Barangay Apolong, Valencia, Negros Oriental. It describes the various activities undertaken, including farmer training, demonstration of organic farming techniques, composting, vermiculture, and crop management practices. The program emphasizes sustainable agriculture, soil health improvement, and the use of organic inputs to enhance productivity and environmental conservation. Furthermore, the report highlights community participation, knowledge transfer, and the impact of the extension program on local farmers, along with recommendations for improving future agricultural extension initiatives. | ||
| 650 |
_aOrganic farming _915500 _xPhilippines. |
||
| 650 |
_a Agricultural extension work. _915476 |
||
| 650 |
_aSustainable agriculture. _914407 |
||
| 650 |
_aSoil management. _914406 |
||
| 658 |
_aField Practice : _bAgriculture Major in Animal Science, Bachelor of Science in ; _cASC 48A. |
||
| 942 |
_2lcc _cTH _hLG 221 D35 A37 _iA5 A38 2014 D34 _kCoA (AnSci-Th) |
||
| 999 |
_c5736 _d5736 |
||